|
|
|
|
| LEADER |
01345nam a2200373 a 4500 |
| 001 |
EBC1108563 |
| 003 |
MiAaPQ |
| 005 |
20200520144314.0 |
| 006 |
m o d | |
| 007 |
cr cn||||||||| |
| 008 |
120720s2013 nyu sb 001 0 eng d |
| 010 |
|
|
|z 2012029044
|
| 020 |
|
|
|z 9780415634038
|
| 020 |
|
|
|a 9780203094693 (electronic bk.)
|
| 035 |
|
|
|a (MiAaPQ)EBC1108563
|
| 035 |
|
|
|a (Au-PeEL)EBL1108563
|
| 035 |
|
|
|a (CaPaEBR)ebr10643572
|
| 035 |
|
|
|a (CaONFJC)MIL425476
|
| 035 |
|
|
|a (OCoLC)823719056
|
| 040 |
|
|
|a MiAaPQ
|c MiAaPQ
|d MiAaPQ
|
| 050 |
|
4 |
|a HB615
|b .M3722 2013
|
| 082 |
0 |
4 |
|a 338/.04
|2 23
|
| 100 |
1 |
|
|a Marttila, Tomas.
|
| 245 |
1 |
4 |
|a The culture of enterprise in neoliberalism
|h [electronic resource] :
|b specters of entrepreneurship /
|c Tomas Marttila.
|
| 260 |
|
|
|a New York :
|b Routledge,
|c 2013.
|
| 300 |
|
|
|a xv, 247 p.
|
| 440 |
|
0 |
|a Routledge advances in sociology ;
|v 87
|
| 504 |
|
|
|a Includes bibliographical references and index.
|
| 533 |
|
|
|a Electronic reproduction. Ann Arbor, MI : ProQuest, 2015. Available via World Wide Web. Access may be limited to ProQuest affiliated libraries.
|
| 650 |
|
0 |
|a Entrepreneurship.
|
| 650 |
|
0 |
|a Neoliberalism.
|
| 655 |
|
4 |
|a Electronic books.
|
| 710 |
2 |
|
|a ProQuest (Firm)
|
| 856 |
4 |
0 |
|u https://ebookcentral.proquest.com/lib/matrademy/detail.action?docID=1108563
|z Click to View
|